Govt. of
Madhya Pradesh

निबन्‍धमाला 221 हिन्‍दी निबन्‍ध (Record no. 58549)

MARC details
000 -LEADER
fixed length control field 00530nam a22001577a 4500
003 - CONTROL NUMBER IDENTIFIER
control field macl
005 - DATE AND TIME OF LATEST TRANSACTION
control field 20181110131657.0
008 - FIXED-LENGTH DATA ELEMENTS--GENERAL INFORMATION
fixed length control field 181110b xxu||||| |||| 00| 0 eng d
040 ## - CATALOGING SOURCE
Transcribing agency macl
082 ## - DEWEY DECIMAL CLASSIFICATION NUMBER
Classification number 891.434
100 ## - MAIN ENTRY--PERSONAL NAME
Personal name जैन ,योगेश चन्‍द्र
9 (RLIN) 73172
245 ## - TITLE STATEMENT
Title निबन्‍धमाला 221 हिन्‍दी निबन्‍ध
260 ## - PUBLICATION, DISTRIBUTION, ETC. (IMPRINT)
Place of publication, distribution, etc. दिल्‍ली
Name of publisher, distributor, etc. अरिहन्‍त पब्लिकेशन
650 ## - SUBJECT ADDED ENTRY--TOPICAL TERM
Topical term or geographic name as entry element निबंध
9 (RLIN) 73173
942 ## - ADDED ENTRY ELEMENTS (KOHA)
Source of classification or shelving scheme
Koha item type Hindi Books
Holdings
Withdrawn status Lost status Source of classification or shelving scheme Damaged status Not for loan Home library Current library Date acquired Cost, normal purchase price Total Checkouts Full call number Barcode Date last seen Date last checked out Price effective from Koha item type
          MACL MACL 10/11/2018 300.00 2 891.434 GCLC00082 02/11/2022 11/10/2022 10/11/2018 Hindi Books